000 00391cam a2200157ua 4500
003 OSt
008 250328b |||||||| |||| 00| 0 eng d
020 _a0-246-11239-5
041 _aeng
082 _a624.15
_bHAR/GR
100 _aHarris, Frank .
_97379
245 _aGrand engineering equipment and methods /
260 _aLondon :
_bGranada ,
_c1983.
300 _a281 ; .
942 _cBK
999 _c10606
_d10606